000
00322 a2200133 4500
003
OSt
005
20180116182703.0
008
160816b xxu||||| |||| 00| 0 eng d
040
_c
0
100
_a
Berkeley
245
_a
Pakistan 50 Years 1947-1997
260
_a
Govt of Pakistan
_c
1997
942
_a
NBS
_c
BK
_k
954.91 BER
_2
ddc
999
_c
344071
_d
344071